[Event "BLR-ch sf"]
[Site "Minsk"]
[Date "2023.12.11"]
[Round "5"]
[White "Tylkov, Timofey"]
[Black "Kholiusev, Mikhail"]
[Result "1/2-1/2"]
[WhiteElo "1282"]
[BlackElo "1490"]
[PlyCount "68"]
[EventDate "2023.12.07"]
[EventType "swiss"]
[EventRounds "9"]
[EventCountry "BLR"]
[SourceTitle "CB51_2023"]
[SourceDate "2023.12.20"]
[SourceVersion "1"]
[SourceVersionDate "2023.12.20"]
[SourceQuality "1"]

1. Nf3 d5 2. g3 Nf6 3. Bg2 c6 4. 0-0 Bf5 5. d3 e6 6. Nc3 h6 7. Bf4 Be7 8. Re1 0-0 9. e4 dxe4 10. dxe4 Bg6 11. Ne5 Bh7 12. Qe2 Qb6 13. Nc4 Qa6 14. Rad1 Nbd7 15. Ne5 Qxe2 16. Rxe2 Nb6 17. Red2 Bb4 18. f3 Bc5+ 19. Kh1 g5 20. Nd3 gxf4 21. Nxc5 Nc4 22. Rd4 Ne3 23. R1d2 e5 24. Rd6 Nc4 25. Rxf6 Nxd2 26. gxf4 exf4 27. Rxh6 f5 28. e5 Rf7 29. e6 Rg7 30. Ne2 Rd8 31. Nd7 Rgxd7 32. exd7 Rxd7 33. Nxf4 Nc4 34. Nd3 Ne3 1/2-1/2

[Event "Minsk op"]
[Site "Minsk"]
[Date "2023.11.06"]
[Round "4"]
[White "Kholiusev, Mikhail"]
[Black "Kandarevich, Nikita"]
[Result "1/2-1/2"]
[WhiteElo "1441"]
[BlackElo "1217"]
[PlyCount "97"]
[EventDate "2023.11.03"]
[EventType "swiss"]
[EventRounds "9"]
[EventCountry "BLR"]
[SourceTitle "CB46_2023"]
[SourceDate "2023.11.15"]
[SourceVersion "1"]
[SourceVersionDate "2023.11.15"]
[SourceQuality "1"]

1. e4 c5 2. Nc3 Nc6 3. Bb5 Nd4 4. Nf3 Nxb5 5. Nxb5 d6 6. d4 cxd4 7. Qxd4 a6 8. Nc3 Bd7 9. Bg5 Nf6 10. e5 dxe5 11. Qxe5 h6 12. Bh4 g5 13. Bg3 Bg7 14. 0-0 0-0 15. Rfe1 e6 16. Qe2 Qb6 17. Be5 Bc6 18. Nd4 Rfd8 19. Nxc6 Qxc6 20. Rad1 Nd5 21. Nxd5 Rxd5 22. Bxg7 Kxg7 23. c4 Rxd1 24. Rxd1 b5 25. cxb5 Qxb5 26. Qd2 Kg8 27. b3 Rc8 28. h4 Qf5 29. hxg5 hxg5 30. a3 Rc5 31. Qd8+ Kg7 32. Qd4+ Qe5 33. Qxe5+ Rxe5 34. Rd6 Rb5 35. Rxa6 Rxb3 36. Ra8 Rb1+ 37. Kh2 Ra1 38. a4 Ra3 39. a5 Kf6 40. a6 Kg7 41. a7 Kf6 42. f3 Kg7 43. Kg3 Kf6 44. Kh3 Ra4 45. g3 Ra3 46. Kg4 Ra4+ 47. f4 gxf4 48. gxf4 Ra5 49. Kf3 1/2-1/2